Quantitative depth profiling and diffusion in thin films / (Record no. 51715)

MARC details
000 -LEADER
fixed length control field 00630nam a2200217Ia 4500
005 - DATE AND TIME OF LATEST TRANSACTION
control field 20260429111957.0
008 - FIXED-LENGTH DATA ELEMENTS--GENERAL INFORMATION
fixed length control field 260429s9999||||xx |||||||||||||| ||und||
020 ## - INTERNATIONAL STANDARD BOOK NUMBER
International Standard Book Number 9789819811922
041 ## - LANGUAGE CODE
Language English
082 ## - DEWEY DECIMAL CLASSIFICATION NUMBER
Classification number 660.294
Item number WAN
100 ## - MAIN ENTRY--PERSONAL NAME
Personal name Wang, Jiangyong
245 #0 - TITLE STATEMENT
Title Quantitative depth profiling and diffusion in thin films /
Statement of responsibility, etc Jiangyong Wang
260 ## - PUBLICATION, DISTRIBUTION, ETC. (IMPRINT)
Place of publication, distribution, etc Singapore :
Name of publisher, distributor, etc World Scientific Publishing,
Date of publication, distribution, etc 2025.
300 ## - PHYSICAL DESCRIPTION
Extent xi, 266 p.; hb
650 ## - SUBJECT ADDED ENTRY--TOPICAL TERM
Topical term or geographic name as entry element Applied physical chemistry
650 ## - SUBJECT ADDED ENTRY--TOPICAL TERM
Topical term or geographic name as entry element Diffusion
650 ## - SUBJECT ADDED ENTRY--TOPICAL TERM
Topical term or geographic name as entry element Chemical engineering
700 ## - ADDED ENTRY--PERSONAL NAME
Personal name Lian, Songyou
700 ## - ADDED ENTRY--PERSONAL NAME
Personal name Yan, Xinliang
942 ## - ADDED ENTRY ELEMENTS (KOHA)
Koha item type Text Books
Holdings
Withdrawn status Lost status Damaged status Not for loan Collection code Home library Location Shelving location Date of Cataloging Source of acquisition Total Checkouts Full call number Barcode Date last seen Price effective from Koha item type
        Non-fiction CUTN Central Library CUTN Central Library Medicine, Technology & Management 29/04/2026 Feel Books, Chennai - Invoice No. BRL/CRB/25-26/568 on 13-02-2026   660.294 WAN 56744 29/04/2026 29/04/2026 Text Books